[Event "SRB-chT Central"]
[Site "Kraljevo"]
[Date "2014.09.17"]
[Round "6.3"]
[White "Ilic, Aleksandar R"]
[Black "Organdziev, Oliver"]
[Result "1/2-1/2"]
[WhiteElo "2114"]
[BlackElo "2302"]
[PlyCount "56"]
[EventDate "2014.09.13"]
[EventType "team-tourn"]
[EventRounds "11"]
[EventCountry "SRB"]
[SourceTitle "CBM 162 Extra"]
[Source "ChessBase"]
[SourceDate "2014.10.17"]
[SourceVersion "1"]
[SourceVersionDate "2014.10.17"]
[SourceQuality "1"]
[WhiteTeam "Veliko Gradiste"]
[BlackTeam "Petrovac"]
[WhiteTeamCountry "SRB"]
[BlackTeamCountry "SRB"]

1. e4 e6 2. d4 d5 3. Nc3 Nf6 4. e5 Nfd7 5. f4 c5 6. Nf3 Nc6 7. Be3 a6 8. g3 cxd4 9. Nxd4 Bc5 10. Qd2 Nxd4 11. Bxd4 Bxd4 12. Qxd4 Qb6 13. Ne2 0-0 14. Qxb6 Nxb6 15. Nd4 Bd7 16. Bd3 Rac8 17. b3 f6 18. Rf1 fxe5 19. fxe5 Rxf1+ 20. Kxf1 Rf8+ 21. Ke2 Re8 22. Rf1 Re7 23. Ke3 Be8 24. Ne2 Bf7 25. g4 Nd7 26. Kd4 g5 27. b4 Nb6 28. Nc1 Rc7 1/2-1/2

[Event "SRB-chT Central"]
[Site "Kraljevo"]
[Date "2014.09.15"]
[Round "4.2"]
[White "Ilic, Aleksandar R"]
[Black "Lazic, Dragoljub"]
[Result "1/2-1/2"]
[WhiteElo "2114"]
[BlackElo "2254"]
[PlyCount "120"]
[EventDate "2014.09.13"]
[EventType "team-tourn"]
[EventRounds "11"]
[EventCountry "SRB"]
[SourceTitle "CBM 162 Extra"]
[Source "ChessBase"]
[SourceDate "2014.10.17"]
[SourceVersion "1"]
[SourceVersionDate "2014.10.17"]
[SourceQuality "1"]
[WhiteTeam "Veliko Gradiste"]
[BlackTeam "Kragujevac"]
[WhiteTeamCountry "SRB"]
[BlackTeamCountry "SRB"]

1. e4 c5 2. Nf3 d6 3. d4 cxd4 4. Nxd4 Nf6 5. Nc3 a6 6. Be3 e5 7. Nb3 Be6 8. f3 Be7 9. Qd2 Nbd7 10. 0-0-0 b5 11. g4 0-0 12. g5 b4 13. Ne2 Ne8 14. f4 a5 15. f5 a4 16. Nbd4 exd4 17. Nxd4 b3 18. Kb1 bxc2+ 19. Nxc2 Bb3 20. axb3 axb3 21. Na3 Ne5 22. f6 gxf6 23. gxf6 Nxf6 24. Bh6 Re8 25. Qg2+ Ng6 26. h4 d5 27. h5 Bxa3 28. hxg6 fxg6 29. bxa3 Nxe4 30. Qb2 Qc7 31. Rc1 Qe7 32. Bg2 Rxa3 33. Qd4 Ra5 34. Bh3 Qf6 35. Be6+ Kh8 36. Rhd1 Rea8 37. Qxf6+ Nxf6 38. Rc8+ Rxc8 39. Bxc8 Ra8 40. Rc1 Ng8 41. Bf4 Kg7 42. Bb7 Rd8 43. Rc7+ Kf6 44. Rxh7 Ne7 45. Bd2 Nf5 46. Ba5 Rd6 47. Bc7 Re6 48. Bxd5 Re1+ 49. Kb2 Kg5 50. Ba5 Re2+ 51. Kxb3 Kg4 52. Bb6 Re5 53. Bc4 Re7 54. Rxe7 Nxe7 55. Kc3 Nf5 56. Kd3 Kf4 57. Bc7+ Kf3 58. Bd5+ Kg4 59. Bf7 Kg5 60. Ke4 Kf6 1/2-1/2

[Event "SRB-chT2 East"]
[Site "Zajecar"]
[Date "2013.10.11"]
[Round "2"]
[White "Ilic, Aleksandar R"]
[Black "Dinic, Vojislav"]
[Result "1-0"]
[WhiteElo "2120"]
[BlackElo "1968"]
[PlyCount "103"]
[EventDate "2013.10.10"]
[EventType "team-swiss"]
[EventRounds "8"]
[EventCountry "SRB"]
[SourceTitle "EXT 2014"]
[Source "ChessBase"]
[SourceDate "2013.11.20"]
[SourceVersion "1"]
[SourceVersionDate "2013.11.20"]
[SourceQuality "1"]

1. e4 c5 2. Nf3 Nc6 3. d4 cxd4 4. Nxd4 Qc7 5. Nc3 e6 6. Be3 a6 7. Qd2 Nf6 8. f3 h6 9. 0-0-0 Bb4 10. a3 Ba5 11. Nb3 Bb6 12. Bf4 e5 13. Bg3 Nd4 14. Nxd4 Bxd4 15. Qxd4 exd4 16. Bxc7 dxc3 17. b3 b5 18. Be5 Bb7 19. Bxc3 0-0-0 20. Bxf6 gxf6 21. Rd6 Rde8 22. Rxf6 Re7 23. c4 Bc6 24. g3 Kc7 25. Bd3 h5 26. Rf5 Kb6 27. Kb2 Rh6 28. Rd1 f6 29. cxb5 axb5 30. Kc3 Re5 31. Rxe5 fxe5 32. f4 exf4 33. gxf4 Kc5 34. b4+ Kb6 35. Kd4 Kc7 36. Rg1 Rh8 37. Rg5 Kb6 38. f5 h4 39. f6 d6 40. Bc2 Kc7 41. Rg7+ Kd8 42. Bb3 Re8 43. Bd5 Bd7 44. Rh7 h3 45. Ke3 Rf8 46. Rh6 Kc8 47. Kf4 Kd8 48. Kg5 Ke8 49. Kg6 Kd8 50. Kg7 Ke8 51. Rh7 Rxf6 52. Kxf6 1-0

[Event "Belgrade Spring op"]
[Site "Belgrade"]
[Date "2013.03.22"]
[Round "3"]
[White "Ilic, Aleksandar R"]
[Black "Andrijevic, Milan"]
[Result "1/2-1/2"]
[WhiteElo "2108"]
[BlackElo "2325"]
[PlyCount "88"]
[EventDate "2013.03.20"]
[EventType "swiss"]
[EventRounds "9"]
[EventCountry "SRB"]
[SourceTitle "CBM 153 Extra"]
[Source "ChessBase"]
[SourceDate "2013.04.22"]
[SourceVersion "1"]
[SourceVersionDate "2013.04.22"]
[SourceQuality "1"]

1. e4 c5 2. Nf3 e6 3. d4 cxd4 4. Nxd4 a6 5. Nc3 Qc7 6. Bd3 Nc6 7. Nxc6 dxc6 8. Qe2 e5 9. 0-0 Nf6 10. Kh1 b5 11. a4 b4 12. Nd1 Be7 13. a5 0-0 14. Be3 c5 15. Bg5 Ne8 16. Bxe7 Qxe7 17. Ne3 Nf6 18. Bc4 Bb7 19. f3 g6 20. Rfd1 Rfd8 21. Rxd8+ Qxd8 22. Qd3 Qxd3 23. Bxd3 Rd8 24. Nc4 Nh5 25. Nxe5 Kg7 26. Rd1 Nf4 27. g3 Ne6 28. c3 f6 29. Nc4 f5 30. Be2 fxe4 31. Rxd8 Nxd8 32. f4 Kf6 33. Kg2 Ke6 34. Kf2 Nc6 35. Ke3 bxc3 36. bxc3 Ne7 37. Bg4+ Nf5+ 38. Bxf5+ gxf5 39. Kf2 Bc8 40. Ne3 Kd6 41. c4 Be6 42. Ke2 Kc6 43. Kd2 Kd6 44. Kc3 Kc6 1/2-1/2

[Event "Branicevo Region-chB 1st"]
[Site "Pozarevac"]
[Date "2012.12.22"]
[Round "3"]
[White "Ilic, Aleksandar R"]
[Black "Pantic, Ivica"]
[Result "0-1"]
[WhiteElo "2116"]
[BlackElo "2211"]
[PlyCount "66"]
[EventDate "2012.12.21"]
[EventType "swiss"]
[EventRounds "5"]
[EventCountry "SRB"]
[SourceTitle "EXT 2014"]
[Source "ChessBase"]
[SourceDate "2013.11.20"]
[SourceVersion "1"]
[SourceVersionDate "2013.11.20"]
[SourceQuality "1"]

1. e4 d6 2. d4 Nf6 3. Nc3 e5 4. Nf3 Nbd7 5. Bc4 Be7 6. 0-0 0-0 7. Re1 c6 8. a4 a5 9. b3 exd4 10. Nxd4 Nb6 11. Bf1 d5 12. e5 Ne4 13. Nxe4 dxe4 14. Bf4 Nd5 15. Bd2 f5 16. exf6 Bxf6 17. c3 Bxd4 18. cxd4 Qf6 19. Be3 Be6 20. Bc4 Nb4 21. Rf1 Qf7 22. Rc1 Rad8 23. Qe2 h6 24. Bxe6 Qxe6 25. Qc4 Rd5 26. Rce1 Kh8 27. Bd2 b5 28. axb5 cxb5 29. Qe2 Nc2 30. Bxa5 Nxe1 31. Rxe1 Re8 32. Qe3 Qd6 33. Rd1 b4 0-1

[Event "SRB-chT2 Vojvodina League"]
[Site "Kac"]
[Date "2012.10.18"]
[Round "7"]
[White "Jovanovic, Milenko"]
[Black "Ilic, Aleksandar R"]
[Result "1-0"]
[WhiteElo "2192"]
[BlackElo "2110"]
[PlyCount "77"]
[EventDate "2012.10.14"]
[EventType "team-swiss"]
[EventRounds "11"]
[EventCountry "SRB"]
[SourceTitle "EXT 2015"]
[Source "ChessBase"]
[SourceDate "2014.11.20"]
[SourceVersion "1"]
[SourceVersionDate "2014.11.20"]
[SourceQuality "1"]

1. d4 Nf6 2. c4 e6 3. Nc3 Bb4 4. Qc2 d5 5. cxd5 exd5 6. Bg5 c6 7. e3 Nbd7 8. Bd3 h6 9. Bh4 0-0 10. Nf3 Re8 11. 0-0 Be7 12. Rab1 Ne4 13. Bxe7 Qxe7 14. Bxe4 dxe4 15. Nd2 Nf6 16. b4 a6 17. a4 Bf5 18. Nc4 Bh7 19. Rfc1 Nd7 20. b5 axb5 21. axb5 Qe6 22. bxc6 bxc6 23. Nb6 Rad8 24. Nxd7 Rxd7 25. Na4 Rd6 26. Rb6 Rc8 27. Qb3 Qg4 28. h3 Qg5 29. Rc5 Qd8 30. Rb7 Rc7 31. Rxc7 Qxc7 32. Qb6 Qc8 33. Re5 Bg6 34. Qc5 Rf6 35. Nb6 Qa6 36. Re8+ Kh7 37. Nd7 Qa1+ 38. Kh2 Re6 39. Nf8+ 1-0

[Event "SRB-chT2 Vojvodina League"]
[Site "Kac"]
[Date "2012.10.17"]
[Round "6"]
[White "Ilic, Aleksandar R"]
[Black "Petakov, Uros"]
[Result "0-1"]
[WhiteElo "2110"]
[BlackElo "2338"]
[PlyCount "62"]
[EventDate "2012.10.14"]
[EventType "team-swiss"]
[EventRounds "11"]
[EventCountry "SRB"]
[SourceTitle "EXT 2015"]
[Source "ChessBase"]
[SourceDate "2014.11.20"]
[SourceVersion "1"]
[SourceVersionDate "2014.11.20"]
[SourceQuality "1"]

1. d4 Nf6 2. Nf3 d5 3. e3 c5 4. c4 cxd4 5. exd4 Nc6 6. Nc3 e6 7. Be2 Be7 8. 0-0 0-0 9. Bf4 dxc4 10. Bxc4 a6 11. a4 Qb6 12. Qd2 Rd8 13. Rad1 Qb4 14. Ba2 b5 15. axb5 axb5 16. Bb1 Bb7 17. Rfe1 Na5 18. Ne5 Nb3 19. Qe3 Ra6 20. Ne2 Na5 21. Bg5 Nc4 22. Nxc4 bxc4 23. Qh3 h6 24. Bc1 Qa5 25. Nc3 Rad6 26. Qg3 Kf8 27. Re5 Qb6 28. Rb5 Rxd4 29. Rf1 Qc6 30. Rxb7 Qxb7 31. h3 Bd6 0-1

[Event "SRB-chT2 Vojvodina League"]
[Site "Kac"]
[Date "2012.10.17"]
[Round "5"]
[White "Marjanovic, Dejan"]
[Black "Ilic, Aleksandar R"]
[Result "1-0"]
[WhiteElo "2219"]
[BlackElo "2110"]
[PlyCount "63"]
[EventDate "2012.10.14"]
[EventType "team-swiss"]
[EventRounds "11"]
[EventCountry "SRB"]
[SourceTitle "EXT 2015"]
[Source "ChessBase"]
[SourceDate "2014.11.20"]
[SourceVersion "1"]
[SourceVersionDate "2014.11.20"]
[SourceQuality "1"]

1. e4 e5 2. Nf3 Nc6 3. Nc3 Nf6 4. g3 Be7 5. Bg2 d6 6. h3 h6 7. 0-0 Be6 8. d4 exd4 9. Nxd4 Nxd4 10. Qxd4 Qc8 11. Kh2 0-0 12. Be3 Re8 13. Rae1 c6 14. f4 d5 15. f5 c5 16. Qd1 d4 17. fxe6 Qxe6 18. e5 dxe3 19. exf6 Bxf6 20. Qf3 Bxc3 21. bxc3 Rab8 22. Qf5 Qxf5 23. Rxf5 b6 24. Bd5 Re7 25. Kg2 Rd8 26. c4 g6 27. Rf4 Kg7 28. Kf3 Rde8 29. g4 f6 30. Re4 Rxe4 31. Bxe4 Re5 32. Rxe3 1-0

[Event "SRB-chT2 Vojvodina League"]
[Site "Kac"]
[Date "2012.10.15"]
[Round "3"]
[White "Somborski, Nebojsa"]
[Black "Ilic, Aleksandar R"]
[Result "1-0"]
[WhiteElo "2342"]
[BlackElo "2110"]
[PlyCount "92"]
[EventDate "2012.10.14"]
[EventType "team-swiss"]
[EventRounds "11"]
[EventCountry "SRB"]
[SourceTitle "EXT 2015"]
[Source "ChessBase"]
[SourceDate "2014.11.20"]
[SourceVersion "1"]
[SourceVersionDate "2014.11.20"]
[SourceQuality "1"]

1. e4 e5 2. Nf3 Nc6 3. Bb5 a6 4. Ba4 Nf6 5. 0-0 d6 6. Bxc6+ bxc6 7. d4 exd4 8. Nxd4 Bd7 9. Nc3 Be7 10. Qf3 0-0 11. e5 dxe5 12. Nxc6 Bxc6 13. Qxc6 Qd6 14. Qf3 Qb4 15. a3 Qh4 16. Re1 Bd6 17. Qg3 Qxg3 18. hxg3 h6 19. b3 Rfe8 20. Bb2 Re6 21. Na4 Nd7 22. Rad1 f5 23. b4 Rae8 24. c4 Nf6 25. c5 Bf8 26. Ba1 g5 27. Nb2 c6 28. Nc4 e4 29. Ne3 f4 30. gxf4 gxf4 31. Nf5 Nd5 32. Nd4 Re5 33. Nxc6 Rg5 34. Nd4 Re7 35. Kf1 h5 36. Ne2 Rf7 37. Ng1 Re7 38. Re2 Bg7 39. Red2 Nc3 40. Rc1 Nd5 41. Bxg7 Kxg7 42. c6 Nc7 43. Rd7 Rge5 44. Rc5 R5e6 45. Ne2 f3 46. Nf4 Rxd7 1-0

[Event "SRB-chT2 East CS"]
[Site "Serbia"]
[Date "2012.09.16"]
[Round "4.14"]
[White "Petrov, Georgi"]
[Black "Ilic, Aleksandar R"]
[Result "1-0"]
[WhiteElo "2190"]
[BlackElo "2110"]
[PlyCount "90"]
[EventDate "2012.09.14"]
[EventType "team"]
[EventRounds "9"]
[EventCountry "SRB"]
[SourceTitle "EXT 2015"]
[Source "ChessBase"]
[SourceDate "2014.11.20"]
[SourceVersion "1"]
[SourceVersionDate "2014.11.20"]
[SourceQuality "1"]

1. Nf3 Nf6 2. c4 e6 3. Nc3 Bb4 4. Qc2 0-0 5. e3 b6 6. Be2 Bb7 7. 0-0 Bxc3 8. Qxc3 Ne4 9. Qc2 f5 10. b3 d6 11. Nd4 Rf6 12. Bf3 Nd7 13. d3 Nec5 14. Nc6 Qe8 15. b4 Ne5 16. Nxe5 dxe5 17. Bxb7 Nxb7 18. Bb2 Qc6 19. Bxe5 Rg6 20. f3 Nd8 21. d4 Nf7 22. b5 Qd7 23. Bg3 c6 24. a4 Rc8 25. Qb3 c5 26. a5 h5 27. axb6 axb6 28. Qa4 Qe7 29. Qa6 Rd8 30. Qxb6 Qg5 31. f4 Qg4 32. Rf3 h4 33. Qxc5 Qh5 34. Qe7 hxg3 35. hxg3 Rb8 36. c5 Nh6 37. c6 Rf6 38. Ra7 Qg6 39. b6 Rf7 40. Qg5 Rxb6 41. Qxg6 Rxa7 42. Qxe6+ Kh7 43. Rf1 Rb2 44. Rc1 Raa2 45. Qxa2 Rxa2 1-0

[Event "SRB-chT2 East CS"]
[Site "Serbia"]
[Date "2012.09.14"]
[Round "1.34"]
[White "Ilic, Aleksandar R"]
[Black "Illijin, Neboisa"]
[Result "1/2-1/2"]
[WhiteElo "2110"]
[BlackElo "2168"]
[PlyCount "89"]
[EventDate "2012.09.14"]
[EventType "team"]
[EventRounds "9"]
[EventCountry "SRB"]
[SourceTitle "EXT 2015"]
[Source "ChessBase"]
[SourceDate "2014.11.20"]
[SourceVersion "1"]
[SourceVersionDate "2014.11.20"]
[SourceQuality "1"]

1. e4 c5 2. Nf3 e6 3. d4 cxd4 4. Nxd4 Nf6 5. Nc3 Nc6 6. Ndb5 Bb4 7. a3 Bxc3+ 8. Nxc3 d5 9. exd5 Nxd5 10. Nxd5 exd5 11. Bd3 Ne5 12. 0-0 Nxd3 13. Qxd3 0-0 14. Bd2 Be6 15. Rfe1 Qf6 16. Bc3 Qg6 17. Qd4 Rfc8 18. Re3 Rc4 19. Rg3 Rxd4 20. Rxg6 hxg6 21. Bxd4 a6 22. c3 Re8 23. Rd1 f6 24. f3 g5 25. Kf2 Kf7 26. Be3 Rh8 27. h3 Rc8 28. a4 Rc4 29. a5 Ra4 30. Bb6 Ra2 31. Rd2 Ra4 32. Ke3 Rc4 33. Bd4 Rc6 34. b4 Rc4 35. f4 gxf4+ 36. Kxf4 g5+ 37. Ke3 Rc6 38. Bc5 Kg7 39. Kd4 f5 40. Rb2 f4 41. b5 axb5 42. Rxb5 Bc8 43. Kxd5 g4 44. hxg4 Kg6 45. Be7 1/2-1/2

[Event "SRB Kadetski festival U12 6th"]
[Site "Vrnjacka Banja"]
[Date "2012.04.13"]
[Round "5"]
[White "Ilic, Aleksandar R"]
[Black "Ivic, Aleksandar"]
[Result "1/2-1/2"]
[WhiteElo "2115"]
[BlackElo "1712"]
[PlyCount "93"]
[EventDate "2012.04.10"]
[EventType "swiss"]
[EventRounds "9"]
[EventCountry "SRB"]
[SourceTitle "CBM 148 Extra"]
[Source "ChessBase"]
[SourceDate "2012.06.22"]
[SourceVersion "1"]
[SourceVersionDate "2012.06.22"]
[SourceQuality "1"]

1. e4 e6 2. d4 d5 3. exd5 exd5 4. Nf3 Bd6 5. Be2 Bf5 6. Nc3 c6 7. 0-0 Nf6 8. Re1 0-0 9. Be3 Qc7 10. h3 Nbd7 11. a3 Rfe8 12. Nh4 Be4 13. Bd3 Nf8 14. Bxe4 Nxe4 15. Nxe4 Rxe4 16. Nf3 Rae8 17. Qd3 Ng6 18. Bd2 h6 19. Qf1 f5 20. Bc3 Qe7 21. Bd2 Bf4 22. Bxf4 Nxf4 23. Rad1 Qf6 24. c3 g5 25. Rxe4 fxe4 26. Ne5 Ng6 27. Nxg6 Qxg6 28. Qe2 Qf7 29. Re1 Rf8 30. Rf1 Qf4 31. Re1 Kg7 32. Qe3 Kg6 33. g3 Qf5 34. Kg2 h5 35. Re2 Qf3+ 36. Kg1 Qf5 37. Kg2 Rf7 38. Re1 Rf8 39. Re2 h4 40. g4 Qf3+ 41. Kg1 Qf4 42. Kg2 Qf3+ 43. Kg1 Qf4 44. Kg2 Qd6 45. Qd2 Rf3 46. Re3 Qf4 47. Qe2 1/2-1/2

[Event "Belgrade Spring op"]
[Site "Belgrade"]
[Date "2012.03.25"]
[Round "2"]
[White "Radlovacki, Jovan"]
[Black "Ilic, Aleksandar R"]
[Result "1-0"]
[WhiteElo "2407"]
[BlackElo "2115"]
[PlyCount "57"]
[EventDate "2012.03.24"]
[EventType "swiss"]
[EventRounds "9"]
[EventCountry "SRB"]
[SourceTitle "CBM 147 Extra"]
[Source "ChessBase"]
[SourceDate "2012.04.24"]
[SourceVersion "1"]
[SourceVersionDate "2012.04.24"]
[SourceQuality "1"]

1. e4 c5 2. Nf3 d6 3. d4 cxd4 4. Qxd4 a6 5. c4 Nc6 6. Qd2 g6 7. b3 Bh6 8. Qc3 Qa5 9. Qxa5 Nxa5 10. Bb2 Nf6 11. Bxf6 exf6 12. Nc3 0-0 13. Nd5 Kg7 14. Bd3 Nc6 15. Rd1 Be6 16. Nb6 Rad8 17. 0-0 Bg4 18. Rfe1 Bf4 19. Be2 Nb4 20. Nd4 Be6 21. a3 Nc6 22. Nc2 f5 23. Bd3 Ne5 24. Nd4 Nxd3 25. Rxd3 fxe4 26. Rxe4 Be5 27. g3 Bh3 28. g4 f5 29. Rxe5 1-0

[Event "SRB-chT2 East CS"]
[Site "Serbia"]
[Date "2011.09.25"]
[Round "3.2"]
[White "Nesic, Nebojsa"]
[Black "Ilic, Aleksandar R"]
[Result "1/2-1/2"]
[WhiteElo "2175"]
[BlackElo "2138"]
[PlyCount "37"]
[EventDate "2011.09.11"]
[EventType "team"]
[EventRounds "11"]
[EventCountry "SRB"]
[SourceTitle "EXT 2015"]
[Source "ChessBase"]
[SourceDate "2014.11.20"]
[SourceVersion "1"]
[SourceVersionDate "2014.11.20"]
[SourceQuality "1"]

1. d4 Nf6 2. c4 e6 3. Nc3 Bb4 4. e3 b6 5. Bd3 Bb7 6. Nf3 Ne4 7. 0-0 Bxc3 8. bxc3 0-0 9. Ne1 f5 10. f3 Nd6 11. a4 Nc6 12. Ba3 Rf6 13. c5 Nf7 14. f4 Ne7 15. a5 bxc5 16. Bxc5 Rh6 17. Rb1 Bc6 18. Bxe7 Qxe7 19. Nf3 1/2-1/2

[Event "SRB-chT 1st League"]
[Site "Valjevo"]
[Date "2010.09.22"]
[Round "6"]
[White "Ilic, Aleksandar R"]
[Black "Milosevic, Aleksandar"]
[Result "0-1"]
[WhiteElo "2152"]
[BlackElo "2244"]
[PlyCount "144"]
[EventDate "2010.09.18"]
[EventType "team"]
[EventRounds "11"]
[EventCountry "SRB"]
[SourceTitle "CBM 138 Extra"]
[Source "ChessBase"]
[SourceDate "2010.10.29"]
[SourceVersion "1"]
[SourceVersionDate "2010.10.29"]
[SourceQuality "1"]

1. e4 c5 2. Nf3 e6 3. d4 cxd4 4. Nxd4 a6 5. Nc3 b5 6. Be3 Bb7 7. Bd3 d6 8. f3 Nf6 9. Qd2 Nbd7 10. a3 Rc8 11. 0-0 Be7 12. Rac1 0-0 13. Nde2 Ne5 14. Nf4 Nfd7 15. Qf2 Bh4 16. g3 Be7 17. Rfd1 Re8 18. Rd2 Qc7 19. Rcd1 Bc6 20. Nfe2 Nc4 21. Bxc4 bxc4 22. b4 cxb3 23. cxb3 Qb8 24. b4 Ne5 25. Nd4 Bb7 26. Rc2 Rc4 27. Nce2 Rxc2 28. Nxc2 d5 29. exd5 Bxd5 30. Ncd4 Qa8 31. Rf1 Rc8 32. Nf4 Bb7 33. Qd2 Rd8 34. Qc2 Rxd4 35. Bxd4 Nxf3+ 36. Rxf3 Bxf3 37. Qc7 Qb7 38. Qe5 Bf6 39. Qd6 Be7 40. Qe5 Bf6 41. Qd6 Qe7 42. Qb6 Qd8 43. Qxd8+ Bxd8 44. Nd3 Be2 45. Nc5 Bc4 46. Be5 f6 47. Bd6 Bb6 48. Kf2 Kf7 49. Ke3 e5 50. Kd2 Bxc5 51. Bxc5 Ke6 52. Ke3 Bb5 53. h4 Bc6 54. Kd3 h5 55. Bf8 Bb5+ 56. Ke4 g5 57. hxg5 fxg5 58. Bg7 Bc6+ 59. Ke3 Kf5 60. Kf2 h4 61. gxh4 gxh4 62. Bf8 Kg4 63. Bd6 Kf4 64. Kg1 Bd7 65. Be7 h3 66. Bd6 Ke4 67. Kh2 Kd5 68. Bc7 e4 69. Bb6 Kc4 70. Bf2 Kd3 71. a4 Kd2 72. b5 Bxb5 0-1

[Event "SRB-chT 1st League"]
[Site "Valjevo"]
[Date "2010.09.20"]
[Round "3"]
[White "Bojovic, Dusan"]
[Black "Ilic, Aleksandar R"]
[Result "1-0"]
[WhiteElo "2330"]
[BlackElo "2152"]
[PlyCount "53"]
[EventDate "2010.09.18"]
[EventType "team"]
[EventRounds "11"]
[EventCountry "SRB"]
[SourceTitle "CBM 138 Extra"]
[Source "ChessBase"]
[SourceDate "2010.10.29"]
[SourceVersion "1"]
[SourceVersionDate "2010.10.29"]
[SourceQuality "1"]

1. e4 c5 2. Nf3 d6 3. d4 cxd4 4. Nxd4 Nf6 5. Nc3 a6 6. Be3 e5 7. Nb3 Be6 8. f3 Nbd7 9. Qd2 b5 10. Qf2 d5 11. exd5 Nxd5 12. Nxd5 Bxd5 13. 0-0-0 Be6 14. Nc5 Bxc5 15. Bxc5 Rc8 16. Bd6 Bxa2 17. Bd3 Qg5+ 18. Rd2 Rc6 19. f4 Qf6 20. Ba3 exf4 21. Qa7 Qd8 22. Be4 Rc7 23. Qxa6 Qb8 24. Qd6 Qd8 25. Re1 Be6 26. Bc6 Rxc6 27. Qxc6 1-0

[Event "SRB-chT 1st League"]
[Site "Valjevo"]
[Date "2010.09.18"]
[Round "1"]
[White "Micic, Nenad Z"]
[Black "Ilic, Aleksandar R"]
[Result "1/2-1/2"]
[WhiteElo "2257"]
[BlackElo "2152"]
[PlyCount "145"]
[EventDate "2010.09.18"]
[EventType "team"]
[EventRounds "11"]
[EventCountry "SRB"]
[SourceTitle "CBM 138 Extra"]
[Source "ChessBase"]
[SourceDate "2010.10.29"]
[SourceVersion "1"]
[SourceVersionDate "2010.10.29"]
[SourceQuality "1"]

1. d4 Nf6 2. c4 e6 3. Nf3 Bb4+ 4. Nbd2 b6 5. a3 Bxd2+ 6. Qxd2 Bb7 7. e3 0-0 8. b4 d6 9. Bb2 Nbd7 10. Be2 Ne4 11. Qc2 f5 12. 0-0 c5 13. Qb3 Qc7 14. Rad1 Rad8 15. Nd2 d5 16. f3 Nef6 17. Bd3 Kh8 18. Rfe1 Rde8 19. Rc1 Qb8 20. a4 f4 21. e4 cxd4 22. exd5 exd5 23. Bxd4 dxc4 24. Nxc4 Bd5 25. Qb2 Rxe1+ 26. Rxe1 Re8 27. Ne5 Qd6 28. Bb5 Kg8 29. Kf2 Re7 30. Qc3 Nf8 31. Nc4 Qc7 32. Be5 Qc8 33. Bxf4 Rxe1 34. Kxe1 Qe6+ 35. Kf2 Qf5 36. Qe5 Qc2+ 37. Qe2 Qf5 38. Qe5 Qc2+ 39. Nd2 Ne6 40. Qb8+ Kf7 41. Qxa7+ Kg6 42. Qb8 Nxf4 43. Qxf4 h5 44. Qd4 Kf7 45. Bc4 Qf5 46. a5 bxa5 47. bxa5 Bxc4 48. Qxc4+ Kf8 49. a6 Qa5 50. Ne4 Nxe4+ 51. fxe4 Qd2+ 52. Kf3 g5 53. Qc5+ Kg7 54. Qa7+ Kg6 55. Qb6+ Kg7 56. Qe3 g4+ 57. Kf4 Qd6+ 58. e5 Qh6+ 59. Ke4 Qc6+ 60. Kd4 Qb6+ 61. Ke4 Qc6+ 62. Kd3 Qxa6+ 63. Kd2 Qa2+ 64. Ke1 Qxg2 65. Qg5+ Kf7 66. Qf6+ Kg8 67. Qg6+ Kf8 68. Qd6+ Kg7 69. e6 Qe4+ 70. Kf2 Kf6 71. Qf8+ Kxe6 72. Qe8+ Kd5 73. Qxh5+ 1/2-1/2

[Event "Belgrade Spring op"]
[Site "Belgrade"]
[Date "2010.03.23"]
[Round "1"]
[White "Djordjevic, Vuk D"]
[Black "Ilic, Aleksandar R"]
[Result "0-1"]
[WhiteElo "1803"]
[BlackElo "2132"]
[PlyCount "70"]
[EventDate "2010.03.23"]
[EventType "swiss"]
[EventRounds "9"]
[EventCountry "YUG"]
[SourceTitle "CBM 135 Extra"]
[Source "ChessBase"]
[SourceDate "2010.05.04"]
[SourceVersion "1"]
[SourceVersionDate "2010.05.04"]
[SourceQuality "1"]

1. e4 c5 2. g3 d6 3. Bg2 Nc6 4. f4 Nf6 5. d3 Qb6 6. c3 e6 7. Na3 d5 8. e5 Nd7 9. Nc2 Be7 10. Nf3 0-0 11. 0-0 d4 12. c4 f6 13. exf6 Bxf6 14. Re1 e5 15. fxe5 Ndxe5 16. Nxe5 Nxe5 17. Bf4 Ng6 18. Bc1 Bd7 19. b3 Bc6 20. Re6 Rae8 21. Bxc6 Rxe6 22. Bd5 Kh8 23. Bxe6 Qxe6 24. Ba3 Bg5 25. Bc1 Be7 26. Qe1 Ne5 27. Qe4 Nf3+ 28. Kg2 Qxe4 29. dxe4 d3 30. Ne3 Bf6 31. Rb1 Bd4 32. Nf5 d2 33. Ba3 Ne1+ 34. Kh3 Rxf5 35. exf5 Nd3 0-1

[Event "SRB-chT 1st League"]
[Site "Vrnjacka Banja"]
[Date "2009.09.20"]
[Round "2"]
[White "Ilic, Aleksandar R"]
[Black "Radivojevic, Miladin"]
[Result "1-0"]
[WhiteElo "2121"]
[BlackElo "2163"]
[PlyCount "97"]
[EventDate "2009.09.19"]
[EventType "team-swiss"]
[EventRounds "11"]
[EventCountry "YUG"]
[SourceTitle "CBM 132 Extra"]
[Source "ChessBase"]
[SourceDate "2009.11.03"]
[SourceVersion "1"]
[SourceVersionDate "2009.11.03"]
[SourceQuality "1"]

1. e4 c5 2. Nf3 d6 3. d4 cxd4 4. Nxd4 Nf6 5. Nc3 a6 6. f3 e6 7. Be3 Be7 8. Qd2 b5 9. g4 b4 10. Nce2 h6 11. 0-0-0 Qc7 12. Kb1 Nbd7 13. h4 d5 14. exd5 Nxd5 15. Nf5 Nxe3 16. Nxe3 Bb7 17. Nd4 Rd8 18. Bg2 Ne5 19. Qf2 Bc5 20. Nb3 Bb6 21. Rxd8+ Kxd8 22. Qe2 Ke7 23. Re1 Rd8 24. g5 h5 25. f4 Bxe3 26. Qxe3 Nc4 27. Qa7 Rb8 28. Nc5 Qxf4 29. Bxb7 Qc7 30. g6 Nd6 31. gxf7 Nxb7 32. Rxe6+ Kxf7 33. Rb6 Re8 34. a4 Kg8 35. Rxb7 Qe5 36. Nd3 Qf6 37. Qb6 Qxh4 38. Qg6 Qh1+ 39. Ka2 Qd5+ 40. b3 Qxb7 41. Qxe8+ Kh7 42. Qxh5+ Kg8 43. Qf5 Qb6 44. Nf4 Qd4 45. Qe6+ Kh7 46. Qg6+ Kg8 47. Ne6 Qc3 48. Ng5 Qe5 49. Qf7+ 1-0

[Event "SRB-chT2 East"]
[Site "Serbia"]
[Date "2007.10.14"]
[Round "6.3"]
[White "Keca, Dragomir"]
[Black "Ilic, Aleksandar R"]
[Result "0-1"]
[WhiteElo "2213"]
[BlackElo "2081"]
[PlyCount "67"]
[EventDate "2007.09.09"]
[EventType "team"]
[EventRounds "11"]
[EventCountry "SRB"]
[SourceTitle "EXT 2012"]
[Source "ChessBase"]
[SourceDate "2011.11.24"]
[SourceVersion "1"]
[SourceVersionDate "2011.11.24"]
[SourceQuality "1"]
[WhiteTeam "Celin Kamen"]
[BlackTeam "Branicevo"]
[WhiteTeamCountry "SRB"]
[BlackTeamCountry "SRB"]

1. c4 e5 2. Nc3 Nf6 3. Nf3 Nc6 4. g3 d5 5. cxd5 Nxd5 6. Bg2 Nb6 7. 0-0 Be7 8. a3 0-0 9. b4 Be6 10. Rb1 f6 11. d3 a5 12. b5 Nd4 13. Nxd4 exd4 14. Na4 Bd5 15. Nxb6 cxb6 16. Qa4 Bxg2 17. Kxg2 Rc8 18. Bb2 Qd5+ 19. Kg1 Bc5 20. Rbc1 Rcd8 21. Qc4 Rfe8 22. Rfe1 Kf8 23. Qxd5 Rxd5 24. Rc4 Kf7 25. Kf1 h5 26. h4 Re6 27. Rec1 g5 28. R1c2 gxh4 29. gxh4 Re8 30. Ra4 Rg8 31. f3 Rdd8 32. Kf2 f5 33. Bc1 Be7 34. Rc7 0-1